Subcategory Sort: Animated Sitcoms Quiz Stats

 Plays Quiz Updated Jul 14, 2019

Score 0/45 Timer 05:00
0 Plays Today
% Correct
Bart
87.9%
Homer
85.6%
South Park Elementary
85.6%
Lisa
85.5%
Kyle
85.2%
Marge
84.6%
Eric
84.4%
Peter
84.2%
Kenny
84.1%
Maggie
84%
Brian
83.6%
Lois
83.5%
Seth MacFarlane
82%
Itchy & Scratchy Land
81.9%
Park County Police Station
81.3%
Springfield
80.8%
Kwik-E-Mart
80.6%
Adam West High School
80.5%
Meg
80.4%
Stan
80%
Stewie
79.3%
Moe's Tavern
78.5%
Hells Pass Hospital
78.3%
% Correct
Krusty Burger
78.1%
Drunken Clam
77.9%
Pawtucket Brewery
77.7%
Mila Kunis
77.2%
Goldman's Pharmacy
76.9%
Dan Castellaneta
76.3%
Hank Azaria
74.7%
Butters
74.6%
Nancy Cartwright
74.4%
Trey Parker
74.1%
Seth Green
73.2%
Quahog
73.1%
Matt Stone
72.7%
Bus Stop
71.3%
Julie Kavner
66.5%
Alex Borstein
65.2%
Bijou Cinema
62.8%
Yeardley Smith
57.3%
Mary Kay Bergman
54.2%
April Stewart
53.2%
Mona Marshall
48.8%
Mike Henry
40.7%

You're not logged in!

Compare scores with friends on all Sporcle quizzes.
OR
Log In

Sporcle TV

Today on Sporcle TV


Watch our educational content, quiz creation guides, and fun videos on Sporcle TV.

Show Comments

Extras

Top Quizzes Today


Score Distribution

Your Account Isn't Verified!

In order to create a playlist on Sporcle, you need to verify the email address you used during registration. Go to your Sporcle Settings to finish the process.

Report this User

Report this user for behavior that violates our Community Guidelines.

Details: